La storia del toro Ferdinando /

Guardat en:
Dades bibliogràfiques
Autor principal: Leaf, Munro (Autor)
Altres autors: Lawson, Robert
Format: Llibre
Idioma:italià
Publicat: Milano : Excelsior 1881, [2008]
Col·lecció:Piccole pesti ; 1
Etiquetes: Afegir etiqueta
Sense etiquetes, Sigues el primer a etiquetar aquest registre!

MARC

LEADER 00000nam a22000007i 4500
001 IT\ICCU\PAR\1103242
003 ItRI
005 20260115232123.0
008 081015s2008 it |||||| ||||| |||||c
020 |a 9788861580756 
040 |b ita  |c importazione bologna sebina 
041 7 |a ita  |2 ISO-639-2 
082 |a 813.52  |9 NARRATIVA AMERICANA IN LINGUA INGLESE, 1900-1945  |2 21 
100 1 |a Leaf, Munro  |0 IT\ICCU\TO0V\192280  |4 aut 
240 1 4 |a The story of Ferdinand  |3 IT\ICCU\LUA\0529146  |9 Leaf, Munro 
245 1 3 |a La storia del toro Ferdinando /  |c di Munro Leaf ; illustrazioni di Robert Lawson. 
260 |a Milano :  |b Excelsior 1881,  |c [2008] 
300 |a [70] p. :  |b ill. ;  |c 24 cm. 
700 1 |a Lawson, Robert  |0 IT\ICCU\SBLV\079802 
790 1 |a Leaf, Wilbur Monroe  |3 IT\ICCU\PIAV\003594  |z Leaf, Munro 
830 0 |a Piccole pesti ;  |v 1  |0 IT\ICCU\PAR\1103246 
942 |2 ddc  |c BK  |n 0 
952 |0 0  |1 0  |4 0  |6 R_813_520000000000000_LEA  |7 0  |9 20388  |a BO  |b BO  |d 2026-01-15  |i 16386  |l 0  |o R 813.52 LEA  |p BO16386  |r 2026-01-15 23:21:23  |w 2026-01-15  |x [Sebina 5] [1 v.]  |y BK  |z 1 v. 
999 |c 17396  |d 17396